Регионална библиотека "Любен Каравелов" - Русе

Рицар в блестящи доспехи (Запис номер 389474)

MARC детайли
000 -Лидер
Контролно поле с фиксирана дължина 01027nam a2200265 a 4500
003 - Код на организацията, давaща контролен номер
Контролно поле BLK
005 - Дата и час на последна редакция
Контролно поле 20250703142605.0
008 - Елементи от данни с фиксирана дължина
fixed length control field 200219b bu ||||| |||| 00| 0 bu d
020 ## - Международен стандартен номер на книга ISBN
Международен стандартен номер на книга ISBN 9786191573431
040 ## - Източник на каталожния запис
Идентификатор на билиотеката - собственик на записа BLK
041 ## - Код за език
Код за езика на текст/звукозапис или на отделно заглавие Български
Код за езика КДБФ Български
080 ## - УДК
Текстов определител УДК Американска литература (на САЩ)
УДК код - определител по УДК 821.111(73)
УДК определител -31
УДК - код + определител 821.111(73)-31
100 ## - Редна дума - Автор
R(LIN) 241653
Автор Деверо, Джуд
Авторска отговорност първи автор
139 ## - Редно поле
Редна дума Деверо, Джуд
Авторски знак Дев - Д 32
245 ## - Сведения за заглавието
Заглавие Рицар в блестящи доспехи
Редно поле (дума) Джуд Деверо; прев. от англ. Диана Кутева.
260 ## - Област на издателските данни
9 (RLIN) 213219
Място на издаване, разпространение и проч. София
Име на издателя, разпространителя и проч. Ибис
Година на издаване 2020
Печатница София : Симолини
300 ## - Физическа характеристика
Страници 439 с.
Размери/Мащаб 21 см
380 ## - Жанр
Жанр Худож. лит.
490 ## - СЕРИИ (Колекции)
Име на серия Златни исторически любовни романи
ISSN C634-0245
700 1# - Други автори (авторска отговорност)
Лично име Кутева, Диана Янакиева
Дати, свързани с автора 1955 -
9 (RLIN) 85939
999 ## - СИСТЕМНИ КОНТРОЛНИ НОМЕРА
Koha biblionumber 389474
Koha biblioitemnumber 389474
942 ## - АРТИКУЛИ
Вид на библиотечния материал Книги
Скрит в OPAC Не
Периодичен библиозапис Да
Koha issues (borrowed), all copies 52
944 ## - СЪЗДАВАНЕ И РЕДАКЦИЯ на ЗАПИСА
Създаване/Редакция Създаване
Дата на регистрацията/редакция 2020-09-30
Служител, извършил регистрацията/редакцията 30576
Статус, дата на статуса Цветомила Тодорова
999 ## - СИСТЕМНИ КОНТРОЛНИ НОМЕРА
Koha biblioitemnumber 389474
999 ## - СИСТЕМНИ КОНТРОЛНИ НОМЕРА
Koha biblioitemnumber 348559
Наличности
Код за отписване Код за изгубен артикул Източник на класификационната схема Код за повреда Коз за рестрикции Код за отдаване Артикулен № Име на библиотеката - собственик Име на библиотеката, в която се намира в момента Статус (Текущо местоположение) Дата на вписване в системата Местоположение - отдел Цена в лева Систематично азбучна сигнатура Баркод Цена в евро Служебен тип на артикула
  Не е изгубен Universal Decimal Classification Не е повреден без рестрикции заемане за дома 802250 Регионална библиотека "Любен Каравелов" Русе Регионална библиотека "Любен Каравелов" Русе Заемна - подръчен фонд 2020-10-01 Заемна - подръчен фонд 11.92 821-31/Д 32 Д 120000848280 6.09 Книги
  Не е изгубен Universal Decimal Classification Не е повреден само за читалня ползва се в читалня 836296 Регионална библиотека "Любен Каравелов" Русе Регионална библиотека "Любен Каравелов" Русе Хранилище 2021-06-11 Хранилище 15.90 Цб 307722 120000856128 8.13 Книги
Vip Innovations Ltd, Rousse, Bulgaria 2025